| 000 | 01130nam a22002417a 4500 | ||
|---|---|---|---|
| 005 | 2010083008028.0 | ||
| 010 | _aMAR-20241 | ||
| 020 |
_c200.00 _a8189634941 |
||
| 035 | _aMR-12899 | ||
| 037 | _bDBAD / PUB | ||
| 082 | _a891.46301 | ||
| 245 |
_aकथा गौरव / _cभास्कर शेळके तथा बाळासाहेब गुजाळ द्वारा संपादित |
||
| 246 | _aKatha Gaurav | ||
| 260 |
_aपुणे _bस्नेहवर्धन प्रकाशन _c2009 |
||
| 270 |
_a863 सदाशिव पेठ _bपुणे _e411030 |
||
| 300 |
_a288पृ _c22सेमी (अजिल्द) |
||
| 650 |
_aमराठी कथासंग्रह _919409 |
||
| 650 |
_aMarathi Short Stories _919410 |
||
| 700 |
_917934 _aशेळके, भास्कर |
||
| 700 |
_aगुजाळ,भाळासाहेब _919411 |
||
| 942 |
_2ddc _cMR _mकथागौ _h891.46301 |
||
| 999 |
_c45056 _d45056 |
||